000 01285cam a2200349 a 4500
001 EDZ0000063827
003 StDuBDS
005 20161031105152.0
006 m||||||||d||||||||
007 cr |||||||||||
008 120326s1996 enk fo| 001|0|eng d
020 _a9781446250389 (ebook) :
_cNo price
040 _aStDuBDS
_beng
_cStDuBDS
_epn
049 _aAlfaisal Main Library
050 0 _aHM585
_b.G283 1996
082 0 4 _a301
_223
100 1 _aGame, Ann.
245 1 0 _aPassionate sociology
_h[electronic resource] /
_cAnn Game and Andrew Metcalfe.
260 _aLondon :
_bSAGE,
_cc1996.
300 _a1 online resource (viii, 182 p.)
504 _aIncludes bibliographical references and index.
520 8 _aIntroducing and developing a number of major themes, including identity, knowledge, metaphor and desire, this book argues for passion as being necessary for sociology.
521 _aSpecialized.
588 _aDescription based on print version record.
650 0 _aSociology.
655 7 _aElectronic books.
_2local
700 1 _aMetcalfe, Andrew W.
710 2 _aSage eBooks
776 0 8 _iPrint version :
_z9780803974616
856 4 0 _uhttp://ezproxy.alfaisal.edu/login?url=http://sk.sagepub.com/books/passionate-sociology
942 _2lcc
_cEBOOKS
999 _c480840
_d480840